Modely s rabatom pri predaji potravín bakalárska práca

Enregistré dans:
Détails bibliographiques
Auteur principal: Šidlík, Peter
Collectivité auteur: Fakulta hospodárskej informatiky EU. Katedra operačného výskumu a ekonometrie
Autres auteurs: Čemická, Katarína
Format: Livre
Langue:slovaque
Publié: Bratislava 2015
Tags: Ajouter un tag
Pas de tags, Soyez le premier à ajouter un tag!

MARC

LEADER 00000nbm a2200000 4500
001 0206577
005 20161212114940.4
041 0 |a slo 
044 |a SK 
245 1 0 |a Modely s rabatom pri predaji potravín  |b bakalárska práca  |c Peter Šidlík ; školiteľ: Katarína Čemická 
264 1 |a Bratislava  |c 2015 
300 |a 36 s. 
100 1 |a Šidlík, Peter 
700 1 |a Čemická, Katarína 
710 2 |a Fakulta hospodárskej informatiky EU. Katedra operačného výskumu a ekonometrie